Concepts of inorganic photochemistry /
Guardado en:
| Otros Autores: | , |
|---|---|
| Formato: | Libro |
| Idioma: | English |
| Publicado: |
Malabar, Fla. :
R.E. Krieger,
1984, c1975.
|
| Materias: | |
| Etiquetas: |
Agregar Etiqueta
Sin Etiquetas, Sea el primero en etiquetar este registro!
|
| LEADER | 00933pam a22002535a 4500 | ||
|---|---|---|---|
| 001 | EIQ.libpla000624 | ||
| 008 | 840316r19841975flua#####b####001#0#eng#d | ||
| 005 | 20060410182633.0 | ||
| 245 | 0 | 0 | |a Concepts of inorganic photochemistry / |c edited by Arthur W. Adamson, Paul D. Fleischauer. |
| 260 | |a Malabar, Fla. : |b R.E. Krieger, |c 1984, c1975. | ||
| 300 | |a xiii, 438 p. : |b il. ; |c 24 cm. | ||
| 500 | |a "Reprint. Originally published: New York : Wiley, c1975". | ||
| 504 | |a Incluye referencias bibliográficas e índice. | ||
| 020 | |a 0898747627 | ||
| 700 | 1 | |a Adamson, Arthur W., |e ed. |4 edt | |
| 700 | 1 | |a Fleischauer, Paul D., |e ed. |4 edt | |
| 082 | 0 | 0 | |a 541.3/5 |2 19 |
| 650 | 4 | |a Fotoquímica |x Teoría. | |
| 650 | 4 | |a Química inorgánica |x Teoría. | |
| 650 | 4 | |a Photochemistry |x Theory. | |
| 650 | 4 | |a Chemistry, Inorganic |x Theory. | |
| 010 | |a 84005776 | ||
| 040 | |a DLC |c DLC |d AR-BbSID | ||
| 859 | |a AR-BbSID |b BIB. PLAPIQUI |h 541.35 |i C 744 |p 4707 | ||
